TSG 1899 Hoffenheim Squad 2025-2026 - Statistics

General Stats
  • This quiz has been taken 78 times
    24 since last reset
  • The average score is 17 of 33
Answer Stats
# Position Nation Player % Correct
11 FW Kosovo Fisnik Asllani
94%
1 GK Germany Oliver Baumann
94%
27 MF Croatia Andrej Kramarić
89%
34 DF Czech Republic Vladimír Coufal
89%
5 DF Turkey Ozan Kabak
83%
13 DF Brazil Bernardo
78%
9 FW Togo Ihlas Bebou
78%
29 FW Ivory Coast Bazoumana Touré
72%
18 MF Netherlands Wouter Burger
72%
23 FW Czech Republic Adam Hložek
67%
- Coach Austria Christian Ilzer
67%
7 MF Switzerland Leon Avdullahu
67%
22 DF Austria Alexander Prass
61%
25 DF Nigeria Kevin Akpoguma
61%
2 DF Czech Republic Robin Hranáč
61%
21 DF Switzerland Albian Hajdari
56%
6 MF Germany Grischa Prömel
56%
19 FW Germany Tim Lemperle
50%
15 DF France Valentin Gendrey
44%
35 DF Brazil Arthur Chaves
39%
28 DF Japan Kōki Machida
39%
37 GK Germany Luca Philipp
39%
8 MF Germany Dennis Geiger
33%
33 FW Germany Max Moerstedt
33%
10 MF Germany Muhammed Damar
33%
31 FW Czech Republic Yannick Eduardo
33%
20 FW United States Cole Campbell
22%
16 MF Germany Luis Engelns
22%
36 GK Iceland Lúkas Petersson
22%
24 FW France David Mokwa
17%
40 DF Germany Hennes Behrens
17%
32 FW Germany Mergim Berisha
17%
17 MF Germany Umut Tohumcu
17%
No matching quizzes found
Score Distribution
Percent of People with Each Score
Percentile by Number Answered
Your Score History
You have not taken this quiz since the last reset